Estatísticas para Emirados árabes unidos

Clique aqui para jogar o quiz

Estatísticas Gerais

  • Esse quiz foi jogado 10 vezes
  • A pontuação média é 7 de 15

Estatísticas das Respostas

HintResposta% Correto
Onde fica?Ásia
100%
Qual é a sua capital?Abu Dhabi
90%
Qual é o seu idioma?Árabe
90%
Qual é a cidade mais populosa?Dubai
90%
Qual é a sua religião?Islamismo
90%
Qual é o produto que mais exportado?Petróleo
60%
De que país é independente?Reino Unido
60%
Por quantos emirados diferentes são constituídos?7
50%
Como se chama o edifício mais alto do mundo que fica localizado no Dubai?Burj Khalifa
50%
Qual é o desporto mais popular?Futebol
50%
Qual é o seu código ISO?ARE
0%
Qual é a sua moeda?Dirrã dos Emirados Árabes Unidos
0%
Qual é o seu animal nacional?Falcão -peregrino
0%
Qual é a sua sobremesa típica?Lugaimat
0%
Qual é o seu prato típico?Threed
0%

Distribuição das Pontuações

Percentil de Números Respondidos

Porcentagem de Pessoas com Cada Pontuação

Sua Pontuação Histórica

Você não jogou esse quiz